| 000 | 00601nam a22001817a 4500 | ||
|---|---|---|---|
| 999 |
_c14862 _d14862 |
||
| 003 | AR-CdUCM | ||
| 008 | 190424b ||||| |||| 00| 0 spa d | ||
| 020 | _a978-1-4749-2003-2 | ||
| 040 |
_aMUNICIPALIDAD PROVINCIAL DEL CUSCO _cBIBLIOTECA MUNICIPAL DEL CUSCO |
||
| 082 |
_aPI / 376.1 / _bU92 |
||
| 110 |
_aUsborne publishing _933813 |
||
| 245 |
_aDe donde vienen los niños : _bmis primeras preguntas / |
||
| 260 |
_aLondres : _bUsbome publishing, _c2016. |
||
| 300 |
_a10 páginas ; _bIlustraciones, _c22 cm. |
||
| 650 |
_aLiteratura infantil _9588 |
||
| 942 |
_2ddc _cLIBROS |
||
| 945 |
_aacv _d2019-04-24 |
||